| 000 | 00510nam a2200181Ia 4500 | ||
|---|---|---|---|
| 005 | 20250923144507.0 | ||
| 008 | 008 250917s9999 xx 000 0 eng d | ||
| 037 | _aTextual | ||
| 040 |
_aDSWL _beng _cDSWL |
||
| 041 |
_aeng _2eng |
||
| 084 | _qDSWL | ||
| 100 |
_aRose, Arnold. M. _9825452 |
||
| 245 | 0 |
_aTheory and methods in social sciences _cby Arnold M. Rose |
|
| 260 |
_aMinnesota _bUniv of Minneapolis USA _c1954 |
||
| 300 | _axii,351p. | ||
| 942 | _cTEXL | ||
| 999 |
_c1439623 _d1439623 |
||